[Event "Berlin Werner Ott op"]
[Site "Berlin"]
[Date "2018.07.06"]
[Round "7"]
[White "Rausch, Erik"]
[Black "Plaza Reino, Agustin"]
[Result "0-1"]
[WhiteElo "1711"]
[BlackElo "1923"]
[PlyCount "52"]
[EventDate "2018.06.30"]
[EventType "swiss"]
[EventRounds "9"]
[EventCountry "GER"]
[SourceTitle "CBM 185 Extra"]
[Source "ChessBase"]
[SourceDate "2018.07.29"]
[SourceVersion "1"]
[SourceVersionDate "2018.07.29"]
[SourceQuality "1"]

1. Nf3 d5 2. c4 e6 3. g3 Nf6 4. Bg2 c6 5. b3 Nbd7 6. Bb2 Bd6 7. 0-0 0-0 8. cxd5 exd5 9. d3 Re8 10. Nbd2 Ne5 11. Re1 Bg4 12. h3 Bh5 13. Qc2 Qb6 14. Rac1 Nxf3+ 15. Nxf3 Bxf3 16. Bxf6 Bxg2 17. Kxg2 gxf6 18. e3 Re5 19. d4 Rg5 20. h4 Rg6 21. Qf5 Qc7 22. f4 Qc8 23. Qxc8+ Rxc8 24. Kf3 f5 25. Rg1 Re8 26. Rce1 h5 0-1

[Event "Berlin Lichtenberger op 16th"]
[Site "Berlin"]
[Date "2017.08.24"]
[Round "6"]
[White "Plaza Reino, Agustin"]
[Black "Ritter, Uwe1111"]
[Result "0-1"]
[WhiteElo "1963"]
[BlackElo "1953"]
[PlyCount "104"]
[EventDate "2017.08.19"]
[EventType "swiss"]
[EventRounds "9"]
[EventCountry "GER"]
[SourceTitle "CBM 180 Extra"]
[Source "ChessBase"]
[SourceDate "2017.10.06"]
[SourceVersion "1"]
[SourceVersionDate "2017.10.06"]
[SourceQuality "1"]

1. e4 e6 2. d4 d5 3. Nd2 dxe4 4. Nxe4 Bd7 5. Nf3 Bc6 6. Bd3 Be7 7. 0-0 Nd7 8. Re1 Ngf6 9. Bg5 Nxe4 10. Bxe7 Nxf2 11. Kxf2 Qxe7 12. Ne5 Nxe5 13. dxe5 0-0-0 14. Qg4 h5 15. Qf4 Qc5+ 16. Qe3 Qxe3+ 17. Rxe3 Rd7 18. Kg1 Rhd8 19. Rf1 a6 20. Kf2 Bb5 21. Ke2 Bxd3+ 22. cxd3 Rf8 23. Kd2 Kd8 24. Rg3 f5 25. exf6 gxf6 26. Rg6 Ke7 27. Rc1 Rf7 28. Rc5 Rh7 29. Rc4 e5 30. Rc1 e4 31. Re1 Rxd3+ 32. Kc2 f5 33. Rd1 Rxd1 34. Kxd1 Kf7 35. Rg3 Rg7 36. Rc3 c6 37. g3 Ke6 38. Ke2 h4 39. Kf2 hxg3+ 40. hxg3 Rd7 41. Ke2 Ke5 42. Rc5+ Rd5 43. Rc3 Kd4 44. Rb3 Rb5 45. Rxb5 axb5 46. Kd2 e3+ 47. Ke2 Ke4 48. a3 c5 49. b3 b6 50. a4 bxa4 51. bxa4 c4 52. a5 bxa5 0-1

[Event "Mondariz Balneario op 3rd"]
[Site "Mondariz Balneario"]
[Date "2016.08.21"]
[Round "6.13"]
[White "Laubscher, Anzel"]
[Black "Plaza Reino, Agustin"]
[Result "0-1"]
[WhiteElo "1852"]
[BlackElo "1749"]
[PlyCount "58"]
[EventDate "2016.08.17"]
[EventType "swiss"]
[EventRounds "9"]
[EventCountry "ESP"]
[SourceTitle "EXT 2024"]
[Source "ChessBase"]
[SourceDate "2023.10.10"]
[SourceVersion "1"]
[SourceVersionDate "2023.10.10"]
[SourceQuality "1"]

1. d4 d5 2. c4 c6 3. Nf3 e6 4. Nc3 Nf6 5. e3 Be7 6. Bd3 dxc4 7. Bxc4 b5 8. Bd3 Bb7 9. 0-0 0-0 10. e4 a6 11. e5 Nd5 12. Ne4 Nd7 13. Nd6 Bxd6 14. Bxh7+ Kxh7 15. Ng5+ Kg8 16. Qh5 N7f6 17. Qh3 c5 18. Re1 Re8 19. Re4 Qa5 20. Bf4 Bc7 21. Bg3 Nxe4 22. Qh7+ Kf8 23. Nxe4 Bc6 24. Bh4 Ne7 25. Qh8+ Ng8 26. Nf6 Ke7 27. Nxe8+ Kd7 28. Qxg8 Rxe8 29. dxc5 Rxg8 0-1

[Event "Sanxenxo Carlos op 8th"]
[Site "Sanxenxo"]
[Date "2016.06.25"]
[Round "1"]
[White "Hernando Rodrigo, Jose Maria"]
[Black "Plaza Reino, Agustin"]
[Result "1-0"]
[WhiteElo "2345"]
[BlackElo "1794"]
[PlyCount "75"]
[EventDate "2016.06.25"]
[EventType "swiss"]
[EventRounds "9"]
[EventCountry "ESP"]
[SourceTitle "CBM 173 Extra"]
[Source "ChessBase"]
[SourceDate "2016.08.29"]
[SourceVersion "1"]
[SourceVersionDate "2016.08.29"]
[SourceQuality "1"]

1. d4 d5 2. c4 c6 3. Nc3 Nf6 4. Nf3 e6 5. Bg5 Be7 6. Qc2 Nbd7 7. e3 0-0 8. Rd1 Re8 9. a3 h6 10. Bh4 a6 11. c5 b6 12. cxb6 Nxb6 13. Be2 Bd7 14. 0-0 Qc8 15. Qb3 Bd8 16. Ne5 Rb8 17. Qa2 a5 18. Nd3 Be7 19. Nc5 Ra8 20. Qb3 Qc7 21. Bg3 Qa7 22. Rc1 Bd8 23. N3a4 Nxa4 24. Qxa4 Bc7 25. Nxd7 Nxd7 26. Bxc7 Qxc7 27. Rxc6 Qb7 28. Rfc1 Rec8 29. Rxc8+ Rxc8 30. Rxc8+ Qxc8 31. Qxa5 Qc1+ 32. Bf1 Qxb2 33. Qd8+ Nf8 34. a4 Qa3 35. a5 Kh7 36. a6 g6 37. Qc7 Kg7 38. a7 1-0

[Event "EU-ch U16 25th"]
[Site "Porec"]
[Date "2015.09.23"]
[Round "3"]
[White "Plaza Reino, Agustin"]
[Black "Dahl, Trygve"]
[Result "0-1"]
[WhiteElo "1544"]
[BlackElo "2196"]
[PlyCount "80"]
[EventDate "2015.09.21"]
[EventType "swiss"]
[EventRounds "9"]
[EventCountry "CRO"]
[SourceTitle "EXT 2016"]
[Source "ChessBase"]
[SourceDate "2015.10.08"]
[SourceVersion "1"]
[SourceVersionDate "2015.10.08"]
[SourceQuality "1"]

1. e4 c5 2. Nf3 d6 3. d4 cxd4 4. Nxd4 Nf6 5. Nc3 g6 6. g3 Bg7 7. Bg2 Nc6 8. Nde2 Bd7 9. 0-0 h5 10. h4 Qc8 11. Re1 Ne5 12. a4 Nfg4 13. Ra2 Nxf2 14. Qd2 Nfg4 15. Nd4 Nc4 16. Qd3 Qc5 17. Nce2 e5 18. b3 Na5 19. Rb2 Nc6 20. b4 Nxb4 21. Qb3 Nc6 22. Rf1 0-0 23. Qxb7 Nxd4 24. Nxd4 Qxd4+ 25. Kh1 Be6 26. c3 Qd3 27. Rf3 Qd1+ 28. Rf1 Qxa4 29. Bg5 f6 30. Bd2 Qd7 31. Qa6 Rfc8 32. Rfb1 Qc6 33. Qe2 Rc7 34. Rb4 Kh7 35. Ra1 Bc4 36. Qf3 a5 37. Rba4 Qb6 38. Bc1 Bb3 39. R4a3 Bc2 40. R3a2 Bxe4 0-1

[Event "EU-ch U16 25th"]
[Site "Porec"]
[Date "2015.09.21"]
[Round "1"]
[White "Tokranovs, Dmitrijs"]
[Black "Plaza Reino, Agustin"]
[Result "1-0"]
[WhiteElo "2191"]
[BlackElo "1544"]
[PlyCount "53"]
[EventDate "2015.09.21"]
[EventType "swiss"]
[EventRounds "9"]
[EventCountry "CRO"]
[SourceTitle "EXT 2016"]
[Source "ChessBase"]
[SourceDate "2015.10.08"]
[SourceVersion "1"]
[SourceVersionDate "2015.10.08"]
[SourceQuality "1"]

1. e4 c5 2. c3 d5 3. exd5 Qxd5 4. d4 Nc6 5. Nf3 Bg4 6. dxc5 Qxc5 7. Be3 Qa5 8. Na3 Rd8 9. Qb3 Bxf3 10. gxf3 Qc7 11. Nb5 Qb8 12. Qa4 a6 13. Na7 Rd7 14. Nxc6 bxc6 15. Qxc6 e6 16. Bxa6 Ne7 17. Qb5 Qc7 18. Qa4 Kd8 19. Bb5 Rd5 20. c4 Rd6 21. Bf4 e5 22. Bxe5 Re6 23. 0-0-0+ Kc8 24. Bxc7 Kxc7 25. Rd7+ Kb8 26. Qa7+ Kc8 27. Qa8# 1-0